[Event "Canada vs. Peru"]
[Site "CCCA"]
[Date "2016.12.19"]
[Round "2"]
[White "Rivas Maceda, Jorge"]
[Black "Sharpe, Sam"]
[Result "1/2-1/2"]
[WhiteElo "2280"]
[BlackElo "2288"]
[EventDate "2016.12.19"]
[Board "2"]
[WhiteTeam "Peru"]
[BlackTeam "Canada"]

1.e4 c5 2.Nf3 Nc6 3.d4 cxd4 4.Nxd4 Nf6 5.Nc3 e5 6.Ndb5 d6 7.Bg5 a6 8.Na3 
b5 9.Nd5 Be7 10.Bxf6 Bxf6 11.c3 O-O 12.Nc2 Bg5 13.a4 bxa4 14.Rxa4 a5 15.
Bc4 Rb8 16.b3 Kh8 17.Nce3 Ne7 18.Nxe7 Qxe7 19.Nd5 Qd8 20.O-O f5 21.exf5 
Bxf5 22.Qe2 Bd7 23.Ra2 Be6 24.Rd1 Rc8 25.g3 Rb8 26.Qe1 Bg4 27.Rda1 Qc8 28.
Rxa5 Bf3 29.R1a2 Qh3 30.Qf1 Qf5 31.b4 Be4 32.Qd1 Bf3 33.Qe1 Be4 34.Re2 Bf3
35.Ne3 Qg6 36.Rea2 h5 37.h3 Rbc8 38.Bf1 Bxe3 39.Qxe3 h4 40.g4 Rf4 41.c4 
Rcxc4 42.Ra8+ Bxa8 43.Rxa8+ Kh7 44.Bd3 Rce4 45.Bxe4 Qxe4 1/2-1/2

[Event "Canada vs. Peru"]
[Site "CCCA"]
[Date "2016.12.19"]
[Round "2"]
[White "Galvez Ponziano, Ricardo"]
[Black "Jean, Pierre"]
[Result "1/2-1/2"]
[WhiteElo "2248"]
[BlackElo "2261"]
[EventDate "2016.12.19"]
[Board "4"]
[WhiteTeam "Peru"]
[BlackTeam "Canada"]

1.e4 c5 2.Nf3 Nc6 3.Nc3 g6 4.d4 cxd4 5.Nxd4 Bg7 6.Be3 Nf6 7.Bc4 O-O 8.Bb3 
d6 9.f3 Bd7 10.h4 h5 11.Qd2 Rc8 12.O-O-O Ne5 13.Bh6 Nc4 14.Bxc4 Rxc4 15.
Bxg7 Kxg7 16.g4 hxg4 17.h5 Rh8 18.hxg6 fxg6 19.fxg4 Bxg4 20.e5 dxe5 21.
Ne6+ Bxe6 22.Qxd8 Rxd8 23.Rxd8 1/2-1/2

[Event "Canada vs. Peru"]
[Site "CCCA"]
[Date "2016.12.19"]
[Round "1"]
[White "Jean, Pierre"]
[Black "Galvez Ponziano, Ricardo"]
[Result "1/2-1/2"]
[WhiteElo "2261"]
[BlackElo "2248"]
[EventDate "2016.12.19"]
[Board "4"]
[WhiteTeam "Canada"]
[BlackTeam "Peru"]

1.d4 d5 2.c4 c6 3.Nf3 Nf6 4.cxd5 cxd5 5.Nc3 Nc6 6.Bf4 a6 7.e3 Bg4 8.h3 
Bxf3 9.Qxf3 e6 10.Bd3 Bd6 11.Bg5 Nb4 12.Bb1 Rc8 13.a3 Nc6 14.Bd3 Be7 15.
Rc1 O-O 16.O-O h6 17.Bh4 Na5 18.Rc2 Rc7 19.Qe2 Qd7 20.Na4 Rxc2 21.Qxc2 Rc8
22.Nc5 Qc6 23.Rc1 Nc4 24.Qc3 a5 25.b3 Nd6 26.Rc2 b6 27.Na4 Qb7 1/2-1/2

[Event "Canada vs. Peru"]
[Site "CCCA"]
[Date "2016.12.19"]
[Round "2"]
[White "Cusicanqui, Marco"]
[Black "Morley, Paul"]
[Result "1/2-1/2"]
[WhiteElo "2391"]
[BlackElo "2362"]
[EventDate "2016.12.19"]
[Board "1"]
[WhiteTeam "Peru"]
[BlackTeam "Canada"]

1.e4 e5 2.Nf3 Nf6 3.Nxe5 d6 4.Nf3 Nxe4 5.d4 d5 6.Bd3 Be7 7.O-O Nc6 8.Nbd2 
Bf5 9.Re1 Nxd2 10.Qxd2 Bxd3 11.Qxd3 O-O 12.c3 Qd6 13.Bd2 Rae8 14.Qf5 Bf6 
15.Bg5 Ne7 16.Qf4 Nc8 17.Qxd6 Nxd6 18.Bxf6 gxf6 19.Rxe8 Rxe8 20.Kf1 a5 21.
Ne1 Nc4 22.Nd3 Nd2+ 23.Kg1 Nc4 1/2-1/2

[Event "Canada vs. Peru"]
[Site "CCCA"]
[Date "2016.12.19"]
[Round "1"]
[White "Morley, Paul"]
[Black "Cusicanqui, Marco"]
[Result "1/2-1/2"]
[WhiteElo "2362"]
[BlackElo "2391"]
[EventDate "2016.12.19"]
[Board "1"]
[WhiteTeam "Canada"]
[BlackTeam "Peru"]

1.c4 e5 2.Nc3 Nf6 3.Nf3 Nc6 4.g3 d5 5.cxd5 Nxd5 6.Bg2 Nb6 7.O-O Be7 8.d3 
O-O 9.a3 Re8 10.b4 Be6 11.Bb2 f6 12.Qc2 Qd7 13.Ne4 Bf8 14.Nc5 Bxc5 15.bxc5
Nd5 16.Rad1 Rad8 17.e4 Nde7 18.d4 exd4 19.Nxd4 Nxd4 20.Rxd4 Qc8 21.e5 Rxd4
22.Bxd4 f5 23.Re1 Rd8 24.Bc3 c6 25.Qa4 Rd3 26.Bb2 a6 27.Bf1 Rd7 28.Rd1 Nd5
29.Qc2 f4 30.Bd3 g6 31.Be4 Rf7 32.Qc1 Qf8 33.Rd2 Kh8 34.a4 Kg8 35.Ba1 Qh6 
36.Rd3 Qh3 37.Qf1 Qh5 38.Qd1 1/2-1/2

[Event "Canada vs. Peru"]
[Site "CCCA"]
[Date "2016.12.19"]
[Round "2"]
[White "Ibanez Salazar, Victor Manuel"]
[Black "Thompson, Edward"]
[Result "1-0"]
[WhiteElo "1958"]
[BlackElo "1934"]
[EventDate "2016.12.19"]
[Board "12"]
[WhiteTeam "Peru"]
[BlackTeam "Canada"]

1.d4 Nf6 2.c4 d6 3.Nf3 g6 4.Nc3 Bg7 5.e4 O-O 6.h3 e5 7.d5 Na6 8.Bg5 c6 9.
a3 Qc7 10.Be2 Nh5 11.g3 Nf6 12.Nd2 Bd7 13.b4 Nb8 14.h4 h6 15.Be3 cxd5 16.
exd5 a5 17.O-O Na6 18.Qb3 axb4 19.axb4 Bf5 20.Rfc1 Ng4 21.Nb5 Qd7 22.Bb6 
Nf6 23.Ra5 Rfe8 24.Nf1 Bf8 25.Ne3 h5 26.Qd1 Rec8 27.Rca1 Be7 28.c5 dxc5 
29.d6 Bd8 30.Bxd8 Qxd8 31.Nxf5 gxf5 32.Nc7 1-0

[Event "Canada vs. Peru"]
[Site "CCCA"]
[Date "2016.12.19"]
[Round "1"]
[White "Thompson, Edward"]
[Black "Ibanez Salazar, Victor Manuel"]
[Result "1/2-1/2"]
[WhiteElo "1934"]
[BlackElo "1958"]
[EventDate "2016.12.19"]
[Board "12"]
[WhiteTeam "Canada"]
[BlackTeam "Peru"]

1.d4 d5 2.Nf3 e6 3.c4 Nf6 4.Nc3 Be7 5.Bf4 O-O 6.a3 b6 7.e3 c5 8.dxc5 bxc5 
9.Be2 Bb7 10.O-O Nbd7 11.h3 Nb6 12.cxd5 Nbxd5 13.Nxd5 exd5 14.Qc2 Qb6 15.
b3 Rfd8 16.Rfd1 Ba6 17.Bxa6 Qxa6 18.Qd3 Qxd3 19.Rxd3 a5 20.Ne5 Rac8 21.a4 
h6 22.Rad1 Re8 23.Rc1 Bd6 24.Ng6 fxg6 25.Bxd6 c4 26.bxc4 Rxc4 27.Ra1 
1/2-1/2

[Event "Canada vs. Peru"]
[Site "CCCA"]
[Date "2016.12.19"]
[Round "2"]
[White "Gago Garay, Eduardo José Martín"]
[Black "Allenby, Edward"]
[Result "1-0"]
[WhiteElo "1971"]
[BlackElo "1938"]
[EventDate "2016.12.19"]
[Board "11"]
[WhiteTeam "Peru"]
[BlackTeam "Canada"]

1.e4 e5 2.f4 exf4 3.Nf3 Be7 4.Bc4 Nf6 5.e5 Ng4 6.Nc3 Bh4+ 7.Kf1 O-O 8.d4 
d5 9.Bxd5 c6 10.Bb3 Ne3+ 11.Bxe3 fxe3 12.Qd3 Bf2 13.Nd1 c5 14.Nxf2 exf2 
15.Kxf2 cxd4 16.Qxd4 Nc6 17.Qxd8 Rxd8 18.h3 Bf5 19.Rad1 Na5 20.Nd4 Bg6 21.
c3 h6 22.Rhe1 Nxb3 23.Nxb3 Rxd1 24.Rxd1 Bc2 25.Rd7 Bxb3 26.axb3 Rb8 27.b4 
a6 28.c4 Kf8 29.c5 g6 30.g4 Ke8 31.Rd6 Rc8 32.Ke3 Rc6 33.h4 Ke7 34.Kf4 1-0

[Event "Canada vs. Peru"]
[Site "CCCA"]
[Date "2016.12.19"]
[Round "1"]
[White "Allenby, Edward"]
[Black "Gago Garay, Eduardo José Martín"]
[Result "1/2-1/2"]
[WhiteElo "1938"]
[BlackElo "1971"]
[EventDate "2016.12.19"]
[Board "11"]
[WhiteTeam "Canada"]
[BlackTeam "Peru"]

1.e4 e5 2.Nf3 Nc6 3.Bb5 a6 4.Ba4 Nf6 5.c3 Nxe4 6.Qe2 Nc5 7.Bxc6 dxc6 8.d4 
Ne6 9.dxe5 Nc5 10.O-O Be7 11.Rd1 Bd7 12.Be3 O-O 13.Nbd2 Ne6 14.Ne4 Qe8 15.
Qd3 Rd8 16.Neg5 Nxg5 17.Nxg5 g6 18.Qe2 Bf5 19.Nf3 Rxd1+ 20.Rxd1 Qc8 21.Nd4
Rd8 22.Re1 c5 23.Nxf5 Qxf5 24.f4 h5 25.b3 b5 26.c4 c6 27.Rc1 f6 28.Qc2 
Qxc2 29.Rxc2 fxe5 30.fxe5 Kf7 31.cxb5 cxb5 32.Bxc5 Bxc5+ 33.Rxc5 Rd1+ 34.
Kf2 Rd2+ 35.Kf3 Rxa2 36.Rc6 Rb2 37.Rxa6 Rxb3+ 38.Kf4 Rb2 39.Rf6+ Kg7 40.
Kf3 Rb3+ 1/2-1/2

[Event "Canada vs. Peru"]
[Site "CCCA"]
[Date "2016.12.19"]
[Round "2"]
[White "Chunga, Jorge"]
[Black "Sereni, Vincent T."]
[Result "1-0"]
[WhiteElo "1913"]
[BlackElo "1930"]
[EventDate "2016.12.19"]
[Board "13"]
[WhiteTeam "Peru"]
[BlackTeam "Canada"]

1.d4 d5 2.c4 e6 3.Nf3 Nf6 4.Nc3 Be7 5.cxd5 exd5 6.Bf4 Nc6 7.h3 Ne4 8.e3 
Bf5 9.Bd3 O-O 10.O-O Nxc3 11.bxc3 Bxd3 12.Qxd3 Bd6 13.Ng5 g6 14.Bxd6 cxd6 
15.h4 a6 16.Qd1 h6 17.Nh3 Qxh4 18.Qb3 Rab8 19.Nf4 Ne7 20.Nxd5 Nxd5 21.Qxd5
Qe7 22.Rfb1 b6 23.c4 Rfc8 24.Rb4 Kg7 25.Rab1 Qc7 26.g3 a5 27.R4b2 Kg8 28.
Kg2 Kg7 29.a3 Re8 30.Rb5 Rec8 31.Qf3 Qd8 32.Qd5 Qc7 33.Kh2 Rd8 34.Kg1 Re8 
35.R1b2 Red8 36.Kg2 Rdc8 37.R2b3 h5 38.Rb2 Rd8 39.a4 Rdc8 40.R5b3 Rh8 41.
Rb5 h4 42.g4 h3+ 43.Kh2 Rh7 44.Rb1 Rhh8 45.g5 Rh5 46.R5b2 Qe7 47.Rg1 Qc7 
48.Rg3 Qe7 49.f4 Rh4 50.f5 gxf5 51.Qxf5 Qe6 52.Qf3 Rc8 53.Rf2 Rc7 54.Qa8 
Rh5 55.Qb8 Qd7 56.g6 f5 57.Qxb6 Rxc4 58.Qb2 d5 59.e4 Qc7 60.e5 Rh4 61.Qb1 
Qc8 62.Rb3 Rc7 63.Rb8 Qe6 64.Rxf5 Qa6 65.Rbf8 Re4 66.R5f6 Re2+ 67.Kh1 Qa7 
68.Qf1 1-0

[Event "Canada vs. Peru"]
[Site "CCCA"]
[Date "2016.12.19"]
[Round "1"]
[White "Sereni, Vincent T."]
[Black "Chunga, Jorge"]
[Result "1-0"]
[WhiteElo "1930"]
[BlackElo "1913"]
[EventDate "2016.12.19"]
[Board "13"]
[WhiteTeam "Canada"]
[BlackTeam "Peru"]

1.e4 c5 2.Nf3 d6 3.Bb5+ Bd7 4.Bxd7+ Qxd7 5.d4 cxd4 6.Qxd4 e6 7.O-O Nf6 8.
Nc3 Be7 9.Qd3 O-O 10.Rd1 a6 11.Bf4 Rd8 12.e5 dxe5 13.Qe2 Qe8 14.Rxd8 Qxd8 
15.Nxe5 Qe8 16.Rd1 Nc6 17.Qf3 Rd8 18.Rxd8 Nxd8 19.a3 Nd7 20.Nc4 Nc6 21.h3 
Qd8 22.Bd6 Nf6 23.Bxe7 Qxe7 24.Ne4 Nxe4 25.Qxe4 Qd8 26.g3 Qd7 27.Kg2 g6 
28.c3 b5 29.Ne5 Nxe5 30.Qxe5 h5 31.b3 Qc6+ 32.Kg1 Qf3 33.Qb8+ Kh7 34.Qc7 
g5 35.Qd8 Kg6 36.Qg8+ Kf6 37.Qd8+ Kf5 38.Qg8 Qd1+ 39.Kg2 Kf6 40.Qh8+ Ke7 
41.Qe5 f6 42.Qc7+ Qd7 43.Qc5+ Kf7 44.c4 Qd3 45.cxb5 axb5 46.Qa7+ Kg6 47.
Qe3 Qd5+ 48.Qf3 Qd7 49.Qa8 h4 50.gxh4 gxh4 51.a4 bxa4 52.bxa4 Kf7 53.Qe4 
f5 54.Qxh4 Qd5+ 55.Kh2 Qd6+ 56.Qg3 Qd4 57.Qc7+ Kf8 58.Qc8+ Ke7 59.Qc2 Kd6 
60.Kg2 Qb4 61.Qd1+ Kc5 62.Qa1 Qe4+ 63.Kg1 Kb6 64.Qb2+ Kc7 65.Qc3+ Kb7 66.
a5 Qa4 67.Kg2 Kb8 68.h4 Qb5 69.h5 f4 70.Qh8+ Ka7 71.Qd4+ 1-0

[Event "Canada vs. Peru"]
[Site "CCCA"]
[Date "2016.12.19"]
[Round "2"]
[White "Flor Trejo, Remigio"]
[Black "Taylor, Bob"]
[Result "1/2-1/2"]
[WhiteElo "2161"]
[BlackElo "2172"]
[EventDate "2016.12.19"]
[Board "6"]
[WhiteTeam "Peru"]
[BlackTeam "Canada"]

1.f4 c5 2.Nf3 g6 3.e3 Bg7 4.c4 Nc6 5.d4 cxd4 6.exd4 e6 7.d5 Nce7 8.dxe6 
fxe6 9.Nc3 Nh6 10.Bd3 O-O 11.O-O Nef5 12.Kh1 Qe7 13.Bd2 b6 14.Be4 Rb8 15.
Rc1 Nd6 16.Qe1 Ba6 17.b3 Nhf5 18.Rd1 Rbe8 19.Bxf5 Rxf5 20.Ne2 Nb7 21.Ned4 
Rff8 22.Qe3 Nc5 23.Bc3 Bb7 24.Nb5 Bxc3 25.Nxc3 d5 26.b4 Nd7 27.cxd5 
1/2-1/2

[Event "Canada vs. Peru"]
[Site "CCCA"]
[Date "2016.12.19"]
[Round "1"]
[White "Taylor, Bob"]
[Black "Flor Trejo, Remigio"]
[Result "1-0"]
[WhiteElo "2172"]
[BlackElo "2161"]
[EventDate "2016.12.19"]
[Board "6"]
[WhiteTeam "Canada"]
[BlackTeam "Peru"]

1.d4 f5 2.Bg5 g6 3.Nc3 Bg7 4.h4 Nc6 5.Nf3 h6 6.Bf4 d6 7.e4 Nf6 8.e5 Ng4 9.
Bb5 a6 10.Bxc6+ bxc6 11.O-O O-O 12.Qe2 a5 13.Rfe1 Ba6 14.Qd2 Re8 15.b3 e6 
16.Rad1 Bf8 17.Na4 Bb5 18.Nb2 Ba6 19.c4 dxe5 20.Bxe5 Bb4 21.Qf4 Bxe1 22.
Rxe1 Ra7 23.Na4 Qe7 24.Qd2 Qb4 25.Qc1 Qe7 26.Bf4 Kh7 27.Nc5 Bc8 28.g3 Rd8 
29.Ne5 Nxe5 30.Bxe5 Re8 31.Qf4 h5 32.Qf3 Bd7 33.Bf4 Qf7 34.Re5 Kg8 35.Bg5 
Raa8 36.a4 Rf8 37.Qe3 Rfe8 38.Qe2 Qg7 39.Qe1 Bc8 40.d5 cxd5 41.cxd5 Rb8 
42.dxe6 Kh7 43.Bd2 Rb6 44.Bxa5 Rd6 45.Bc3 Qf8 46.a5 Rc6 47.b4 Qe7 48.Qe3 
Rf8 49.b5 f4 50.Rxh5+ gxh5 51.Qe4+ Kh6 52.bxc6 fxg3 53.Bd2+ Kg7 54.Bc3+ 
Kh6 55.Qe3+ Kh7 56.Qd3+ Kh6 57.Qxg3 Kh7 58.Qd3+ Kh6 59.Qe3+ Kg6 60.Qe4+ 
Kh6 61.Bd2+ Kg7 62.Nd7 1-0

[Event "Canada vs. Peru"]
[Site "CCCA"]
[Date "2016.12.19"]
[Round "2"]
[White "Rivas Romero, Guillermo"]
[Black "Carter, Maurice H."]
[Result "1-0"]
[WhiteElo "2142"]
[BlackElo "2092"]
[EventDate "2016.12.19"]
[Board "8"]
[WhiteTeam "Peru"]
[BlackTeam "Canada"]

1.e4 c5 2.Nf3 e6 3.d4 cxd4 4.Nxd4 a6 5.Bd3 Bc5 6.c3 Nc6 7.Be3 Ne5 8.f4 
Nxd3+ 9.Qxd3 d6 10.Nc2 Bxe3 11.Nxe3 Nf6 12.Nd2 b5 13.g4 O-O 14.O-O-O Bb7 
15.g5 Ne8 16.Rhg1 d5 17.e5 Qc7 18.Ng4 Kh8 19.Nf6 gxf6 20.gxf6 Nxf6 21.exf6
Qxf4 22.Rg7 Qh6 23.Rdg1 e5 24.R1g3 Bc8 25.R3g5 b4 26.Qf3 e4 27.Qh5 Qxh5 
28.Rxh5 Bf5 29.Rxf5 Rg8 30.Rxg8+ Rxg8 31.Rxd5 1-0

[Event "Canada vs. Peru"]
[Site "CCCA"]
[Date "2016.12.19"]
[Round "1"]
[White "Carter, Maurice H."]
[Black "Rivas Romero, Guillermo"]
[Result "0-1"]
[WhiteElo "2092"]
[BlackElo "2142"]
[EventDate "2016.12.19"]
[Board "8"]
[WhiteTeam "Canada"]
[BlackTeam "Peru"]

1.d4 Nf6 2.c4 e6 3.Nf3 d5 4.g3 Bb4+ 5.Nbd2 dxc4 6.a3 Bxd2+ 7.Bxd2 Bd7 8.e3
Bb5 9.a4 Ba6 10.Qc2 Qd5 11.Bg2 Nbd7 12.O-O c3 13.bxc3 Bxf1 14.Rxf1 Qf5 15.
Qb3 Rb8 16.c4 Qh5 17.Bb4 c5 18.dxc5 Nxc5 19.Qa3 Rc8 20.Nd4 O-O 21.a5 a6 
22.Bf3 Qe5 23.Nb3 Nfd7 24.Nxc5 Nxc5 25.Rd1 h6 26.h4 Rfe8 27.Kf1 f5 28.Bh5 
Rf8 29.Bf3 Rf7 30.Bc3 Qc7 31.Rd4 Rd7 32.Kg2 Nd3 33.Be2 Rxd4 34.Bxd4 Qc6+ 
35.f3 Ne1+ 36.Kf2 Nc2 37.Qe7 Nxd4 38.exd4 Rc7 39.Qb4 e5 40.Qb1 exd4 41.
Qxf5 Rf7 42.Qg4 Qd7 43.Qg6 Qe7 44.Qd3 Qc5 0-1

[Event "Canada vs. Peru"]
[Site "CCCA"]
[Date "2016.12.19"]
[Round "2"]
[White "Benites Rivas, Luis"]
[Black "Prystenski, Arthur"]
[Result "1/2-1/2"]
[WhiteElo "2233"]
[BlackElo "2212"]
[EventDate "2016.12.19"]
[Board "5"]
[WhiteTeam "Peru"]
[BlackTeam "Canada"]

1.e4 e6 2.d4 d5 3.Nc3 Nf6 4.e5 Nfd7 5.f4 c5 6.Nf3 Nc6 7.Be3 b6 8.Be2 Be7 
9.O-O O-O 10.Qe1 f5 11.a3 Bb7 12.Bb5 Qc8 13.Bf2 Nxd4 14.Nxd4 cxd4 15.Ne2 
Nc5 16.Nxd4 Ne4 17.Rc1 a6 18.Be2 Qd7 19.Be3 Rac8 20.c3 Bc5 21.Rc2 Rc7 22.
g4 b5 23.gxf5 Bxd4 24.Bxd4 exf5 25.Bd1 Qe7 26.Rg2 Rc6 27.h4 Kh8 28.Kh2 Rg8
29.Rf3 Rh6 30.Rh3 Bc6 31.h5 Qe6 32.Qg1 Bb7 33.Be3 Bc6 34.Be2 Be8 35.Bd1 
Bc6 1/2-1/2

[Event "Canada vs. Peru"]
[Site "CCCA"]
[Date "2016.12.19"]
[Round "1"]
[White "Prystenski, Arthur"]
[Black "Benites Rivas, Luis"]
[Result "1/2-1/2"]
[WhiteElo "2212"]
[BlackElo "2233"]
[EventDate "2016.12.19"]
[Board "5"]
[WhiteTeam "Canada"]
[BlackTeam "Peru"]

1.d4 Nf6 2.c4 e6 3.Nc3 Bb4 4.Nf3 b6 5.Bg5 Bb7 6.Nd2 h6 7.Bh4 O-O 8.e4 Be7 
9.Bg3 d5 10.e5 Nfd7 11.cxd5 exd5 12.Bd3 c5 13.Nf3 cxd4 14.Nxd4 Nc6 15.Nxc6
Bxc6 16.O-O Nc5 17.Ne2 Nxd3 18.Qxd3 Bc5 19.Nd4 Bxd4 20.Qxd4 Rc8 21.h3 Bb7 
22.Rac1 Qd7 23.b3 Rxc1 24.Rxc1 Rc8 25.Bf4 Qf5 26.Rxc8+ 1/2-1/2

[Event "Canada vs. Peru"]
[Site "CCCA"]
[Date "2016.12.19"]
[Round "2"]
[White "Petters Merino, Oscar"]
[Black "Giroux, Marc"]
[Result "1/2-1/2"]
[WhiteElo "2149"]
[BlackElo "2166"]
[EventDate "2016.12.19"]
[Board "7"]
[WhiteTeam "Peru"]
[BlackTeam "Canada"]

1.e4 c5 2.Nf3 d6 3.d4 cxd4 4.Nxd4 Nf6 5.Nc3 g6 6.Be3 Bg7 7.f3 O-O 8.Qd2 
Nc6 9.Bc4 a6 10.Bb3 Na5 11.h4 h5 12.O-O-O Re8 13.Bh6 Bh8 14.g4 Nxb3+ 15.
Nxb3 Be6 16.Nd4 Bc4 17.b3 Rc8 18.bxc4 Rxc4 19.Nce2 Qb6 20.gxh5 Nxh5 21.Be3
Rec8 22.Rhg1 Bg7 23.Qd3 Qb4 24.Qb3 Qa5 25.Bd2 Qc7 26.c3 d5 27.Kb1 dxe4 28.
fxe4 b5 29.Rg5 Nf6 30.h5 Nxe4 31.Rgg1 e5 32.Nf3 Qd7 33.Qc2 Qf5 34.Ng5 
Nxd2+ 35.Rxd2 Rb4+ 36.Kc1 Rg4 37.Rxg4 Qxg4 38.Ne4 Qxh5 39.Kb1 Qf3 40.N2g3 
b4 41.c4 f5 42.Nd6 Rc5 43.Rd3 Qg4 44.Ne2 e4 45.Rg3 Qh5 46.Qd2 Re5 47.Rg1 
b3 48.axb3 f4 49.Nxf4 Qf3 50.Rxg6 Qxb3+ 51.Kc1 Qa3+ 52.Qb2 Qe3+ 53.Qd2 
Qa3+ 54.Kd1 Ra5 55.Ne2 1/2-1/2

[Event "Canada vs. Peru"]
[Site "CCCA"]
[Date "2016.12.19"]
[Round "1"]
[White "Giroux, Marc"]
[Black "Petters Merino, Oscar"]
[Result "1/2-1/2"]
[WhiteElo "2166"]
[BlackElo "2149"]
[EventDate "2016.12.19"]
[Board "7"]
[WhiteTeam "Canada"]
[BlackTeam "Peru"]

1.e4 c5 2.Nf3 d6 3.d4 cxd4 4.Nxd4 Nf6 5.Nc3 a6 6.Be2 g6 7.Be3 Bg7 8.Qd2 
Nbd7 9.f3 b5 10.a4 b4 11.Na2 a5 12.c3 bxc3 13.Nxc3 Bb7 14.Nb3 O-O 15.O-O 
Ne5 16.Rfd1 Qb8 17.Rac1 Rc8 18.Nb5 d5 19.Rxc8+ Qxc8 20.Bd4 Nc6 21.Bxf6 
Bxf6 22.exd5 Nb4 23.d6 Qc6 24.Kh1 Qb6 25.Bc4 Rd8 26.Qe1 Bc6 27.Qg1 Qxg1+ 
28.Kxg1 Bxb5 29.Bxb5 Rxd6 30.Rxd6 exd6 31.Nxa5 Bxb2 32.Kf2 Kf8 33.Ke3 Nd5+
34.Kd3 Nf4+ 35.Ke4 Be5 36.g4 Ne6 37.h3 Bc3 38.Nc6 Ke8 39.f4 Nc7 40.Nd4+ 
Ke7 41.Bc4 Ne6 42.Nb3 Nc7 43.f5 Be1 44.Nd4 h6 45.Bd5 Kf6 46.Bc4 Ke7 47.
Nc6+ Ke8 48.Bd5 gxf5+ 49.gxf5 Na6 50.a5 Kd7 51.Kd3 1/2-1/2

[Event "Canada vs. Peru"]
[Site "CCCA"]
[Date "2016.12.19"]
[Round "2"]
[White "Pezo, Erick"]
[Black "Hryniw, Michael"]
[Result "1-0"]
[WhiteElo "2268"]
[BlackElo "2266"]
[EventDate "2016.12.19"]
[Board "3"]
[WhiteTeam "Peru"]
[BlackTeam "Canada"]

1.e4 c5 2.Nf3 d6 3.d4 cxd4 4.Nxd4 Nf6 5.f3 a6 6.c4 g6 7.Nc3 Bg7 8.Be3 Nc6 
9.Be2 Bd7 10.O-O O-O 11.Qd2 Rc8 12.Nxc6 Bxc6 13.Rfd1 Nd7 14.Rac1 Re8 15.b4
b6 16.Nd5 Ba4 17.Rf1 Bc6 18.Bf2 a5 19.a3 Ra8 20.Rfd1 Ba4 21.Re1 Bc6 22.Bf1
Qb8 23.Be3 axb4 24.axb4 Qb7 25.Rc2 Ra7 26.Nc3 Qb8 27.Rcc1 Ra8 28.Bg5 Nf8 
29.Nd5 Qb7 30.Rb1 Ne6 31.Be3 Ra3 32.Red1 b5 33.Bf2 Qa6 34.Rbc1 h5 35.f4 
Bh6 36.Be3 bxc4 37.Bxc4 Qb7 38.Ra1 Qa8 39.Qb2 Rxa1 40.Rxa1 Qb8 41.Qb3 Bg7 
42.Rd1 Nd8 43.b5 Bxd5 44.exd5 Nb7 45.b6 Rc8 46.Qb4 Qa8 47.h3 Bf6 48.Kh2 
Rb8 49.Bb5 Qa2 50.Bc6 Qe2 51.Qd2 Qa6 52.Bxb7 Rxb7 53.Qb4 Qe2 54.Qb3 Qb2 
55.Qxb2 Bxb2 56.Kg1 Kf8 57.Kf2 Ke8 58.Ke2 Kd7 59.Rb1 Bf6 60.Kd3 Rb8 61.Rb4
Bg7 62.Ra4 Bh6 63.Ra6 e5 64.Ra7+ Ke8 65.Kc4 1-0

[Event "Canada vs. Peru"]
[Site "CCCA"]
[Date "2016.12.19"]
[Round "1"]
[White "Hryniw, Michael"]
[Black "Pezo, Erick"]
[Result "1/2-1/2"]
[WhiteElo "2266"]
[BlackElo "2268"]
[EventDate "2016.12.19"]
[Board "3"]
[WhiteTeam "Canada"]
[BlackTeam "Peru"]

1.c4 Nf6 2.g3 e5 3.Bg2 c6 4.d4 exd4 5.Qxd4 Na6 6.Nf3 Bb4+ 7.Bd2 Bc5 8.Qe5+
Be7 9.Ba5 b6 10.Bc3 d5 11.Nd4 Qd7 12.O-O h6 13.e4 dxe4 14.Nd2 Nc5 15.Nxe4 
Nfxe4 16.Bxe4 Nxe4 17.Qxe4 O-O 18.Nxc6 Bc5 19.Ne5 Qc7 20.Rad1 Be6 21.Rfe1 
Rfe8 22.Qf3 Rad8 23.b3 Rxd1 24.Rxd1 f6 25.Ng6 Qc8 26.Nf4 Bg4 27.Qd5+ Kh7 
28.Re1 Rxe1+ 29.Bxe1 Qf5 30.b4 Qb1 31.bxc5 Qxe1+ 32.Kg2 Qb1 33.cxb6 Bf5 
34.Qd2 axb6 35.f3 g5 36.Nd5 Bd3 37.Ne3 f5 38.h4 gxh4 39.gxh4 f4 40.Nd1 Kg6
41.Nf2 Qf1+ 42.Kh2 Bf5 43.Qd6+ Kh5 44.Qxb6 Qxc4 45.Qf6 Qc5 46.Kg2 Qd5 47.
Qg7 Qe6 48.a4 Kxh4 49.a5 Kh5 50.Qc3 Qg8+ 51.Kh1 Qg3 52.Ng4 Qh4+ 53.Nh2 Qf2
54.a6 Qa2 55.Qc5 Kg6 56.Qb6+ Kh7 57.Qb7+ Kg6 58.Qb6+ Kh7 59.Qb7+ Kg6 60.a7
Qa1+ 61.Kg2 Qa2+ 62.Kg1 Bh3 63.Qc6+ Kf7 64.Qc7+ Kg8 65.Qd8+ Kh7 66.Qe7+ 
1/2-1/2

[Event "Canada vs. Peru"]
[Site "CCCA"]
[Date "2016.12.19"]
[Round "2"]
[White "Fernandez Gonzales, Gregorio"]
[Black "Bourgoin, Claude"]
[Result "0-1"]
[WhiteElo "1762"]
[BlackElo "1817"]
[EventDate "2016.12.19"]
[Board "14"]
[WhiteTeam "Peru"]
[BlackTeam "Canada"]

1.e4 c5 2.Nf3 Nc6 3.d4 cxd4 4.Nxd4 e5 5.Nb5 a6 6.Nd6+ Bxd6 7.Qxd6 Qf6 8.
Qd1 Nge7 9.Nc3 O-O 10.Be3 d6 11.Be2 Nd4 12.O-O Be6 13.f4 Nxe2+ 14.Nxe2 Bg4
15.h3 Bxe2 16.Qxe2 exf4 17.Bxf4 Ng6 18.Bg3 Qxb2 19.Rab1 Qxa2 20.Rxb7 Ne5 
21.Re7 Rac8 22.Rf2 Qa3 23.Bxe5 dxe5 24.Ra7 Rc6 25.Qh5 Qa1+ 26.Kh2 Rg6 27.
Re7 Qd4 28.Re2 Qc4 29.Rxe5 Qc7 30.g3 f6 0-1

[Event "Canada vs. Peru"]
[Site "CCCA"]
[Date "2016.12.19"]
[Round "1"]
[White "Bourgoin, Claude"]
[Black "Fernandez Gonzales, Gregorio"]
[Result "1-0"]
[WhiteElo "1817"]
[BlackElo "1762"]
[EventDate "2016.12.19"]
[Board "14"]
[WhiteTeam "Canada"]
[BlackTeam "Peru"]

1.c4 Nf6 2.Nf3 e6 3.Nc3 Bb4 4.a3 Bxc3 5.dxc3 O-O 6.Bg5 h6 7.Bxf6 Qxf6 8.e3
b6 9.Qd4 Qg6 10.Bd3 f5 11.Qf4 d6 12.Qg3 Qxg3 13.hxg3 Bb7 14.Nd4 Re8 15.Kf1
Nd7 16.Be2 Nf6 17.Bf3 Ne4 18.Rd1 a5 19.Rh4 Rad8 20.g4 fxg4 21.Bxg4 e5 22.
Nb5 c6 23.Nc7 Re7 24.Ne6 Rde8 25.Bh5 Rb8 26.Nxg7 Kxg7 27.Rxe4 Re6 28.Kg1 
Kh7 29.Bg4 Rf6 30.f4 exf4 31.Rxf4 Rxf4 32.exf4 Rd8 33.Bf3 Kg6 34.Kf2 Kf5 
35.Rh1 Kg6 36.g4 Ba6 37.b3 c5 38.f5+ Kg7 39.Bd5 b5 40.Re1 bxc4 41.bxc4 Rd7
42.Re6 Bb7 43.Rg6+ Kh7 44.Bg8+ Kh8 45.Be6 Rd8 46.Rxh6+ Kg7 47.g5 1-0

[Event "Canada vs. Peru"]
[Site "CCCA"]
[Date "2016.12.19"]
[Round "2"]
[White "Gonzales, Aldo"]
[Black "Botescu, Adrian"]
[Result "0-1"]
[WhiteElo "1547"]
[BlackElo "1566"]
[EventDate "2016.12.19"]
[Board "17"]
[WhiteTeam "Peru"]
[BlackTeam "Canada"]

1.d4 e6 2.c4 Bb4+ 3.Nc3 Bxc3+ 4.bxc3 Nf6 5.Nf3 O-O 6.e3 d5 7.Bd3 h6 8.O-O 
Nc6 9.c5 a6 10.Qc2 b5 11.Bd2 Re8 12.Ne5 Nxe5 13.dxe5 Nd7 14.f4 Nxc5 15.Be2
Ne4 16.Bf3 Bb7 17.Bxe4 dxe4 18.Rad1 Qd3 19.Qxd3 exd3 20.Rb1 c5 21.c4 Bc6 
22.cxb5 axb5 23.Rb2 c4 24.Bb4 Ra4 25.a3 Rea8 26.Rc1 Kh7 27.Kf2 Kg6 28.g3 
Rxa3 29.Bxa3 Rxa3 30.Ke1 c3 31.Rf2 d2+ 32.Rxd2 cxd2+ 33.Kxd2 Bd5 34.Rc2 b4
35.Kc1 Rxe3 36.Kd2 Ra3 37.Kc1 b3 38.Rb2 Ra2 39.Kb1 Rxb2+ 40.Kxb2 Kf5 41.h3
g5 42.fxg5 hxg5 43.h4 gxh4 44.gxh4 Kxe5 45.h5 Kf6 46.h6 Kg6 47.h7 Kxh7 48.
Kc3 f5 49.Kb2 f4 50.Kc3 f3 51.Kd2 b2 52.Kc2 f2 53.Kxb2 f1=Q 54.Kc3 Qc4+ 
55.Kd2 e5 56.Ke3 e4 57.Kf4 Qf1+ 58.Ke3 Qf3+ 59.Kd4 Ba8 60.Ke5 e3 61.Kd4 e2
62.Ke5 e1=Q+ 63.Kd4 Qee4+ 64.Kc5 Qff5+ 65.Kd6 Qee6+ 66.Kc7 Qff7+ 67.Kd8 
Qed7# 0-1

[Event "Canada vs. Peru"]
[Site "CCCA"]
[Date "2016.12.19"]
[Round "1"]
[White "Botescu, Adrian"]
[Black "Gonzales, Aldo"]
[Result "0-1"]
[WhiteElo "1566"]
[BlackElo "1547"]
[EventDate "2016.12.19"]
[Board "17"]
[WhiteTeam "Canada"]
[BlackTeam "Peru"]

1.d4 Nf6 2.c4 g6 3.Nc3 Bg7 4.Nf3 O-O 5.e4 d6 6.b4 Bg4 7.h3 Bxf3 8.gxf3 
Nbd7 9.a4 c5 10.bxc5 dxc5 11.Bb2 cxd4 12.Nb5 Qa5+ 13.Qd2 Qxd2+ 14.Kxd2 a6 
15.Nxd4 Rac8 16.Ke3 Rfd8 17.Rb1 Nc5 18.a5 Na4 19.Be2 Nxb2 20.Rxb2 e5 21.
Nc2 Rd7 22.Rb6 Ne8 23.Rhb1 Nd6 24.Na3 Bf8 25.Rd1 Nxc4+ 26.Nxc4 Rxd1 27.
Bxd1 Bc5+ 28.Ke2 Bxb6 29.Nxb6 Rc5 30.Bb3 Rxa5 31.Nc4 Rc5 32.Nd6 b5 33.
Bxf7+ Kf8 34.Bd5 b4 35.Nb7 Rc3 36.Na5 h6 37.Nc6 Ra3 38.Nxb4 a5 39.Nc6 a4 
40.Nxe5 g5 41.Nf7 Ra1 42.Nxh6 a3 43.Nf7 a2 44.Bxa2 Rxa2+ 45.Kf1 Kxf7 46.
Kg2 Kg6 47.Kg3 Kh5 48.f4 gxf4+ 49.Kxf4 Rxf2+ 50.Ke5 Kg6 51.Kd6 Re2 52.Ke5 
Rh2 53.Kd6 Rxh3 54.e5 Kf7 55.e6+ Ke8 56.e7 Re3 57.Kd5 Kxe7 58.Kd4 Re6 59.
Kd5 Kd7 60.Kd4 Kd6 61.Kc4 Kc6 62.Kd4 Kd6 63.Kc4 Re4+ 64.Kd3 Kd5 65.Kc3 
Re3+ 66.Kd2 Kd4 67.Kc2 Kc4 68.Kd2 Re8 69.Kc2 Re2+ 70.Kd1 Kd3 71.Kc1 Kc3 
72.Kd1 Re6 73.Kc1 Re1# 0-1

[Event "Canada vs. Peru"]
[Site "CCCA"]
[Date "2016.12.19"]
[Round "2"]
[White "Caballón Castellares, Emiliano"]
[Black "Fortin, Michel"]
[Result "0-1"]
[WhiteElo "1664"]
[BlackElo "1649"]
[EventDate "2016.12.19"]
[Board "15"]
[WhiteTeam "Peru"]
[BlackTeam "Canada"]
[Termination "time forfeit"]

1.e4 c5 2.Nc3 Nc6 3.Nf3 g6 4.Bc4 Bg7 5.a3 d6 6.d3 Nf6 7.O-O O-O 8.h3 a6 9.
Nd5 b5 10.Nxf6+ Bxf6 11.Bd5 Bb7 12.c3 e6 13.Bxc6 Bxc6 14.Bh6 Re8 15.Qc2 
Qe7 16.Rfe1 Rad8 17.Rad1 e5 18.c4 Rb8 0-1